01609aab a2200241 i 4500001001000000003001000010005001700020008004100037022001400078040004100092041000800133100002900141245013600170300006500306520071000371650002101081653001601102653001501118653001601133653001401149773009801163773010601261768714001CO-MdFUSB20230605162015.0171122s2013 ck ||||| |||| 00| 0 spa d a0120-3649 aCO-MdFUSBbspacCO-MdFUSBdCO-MdFUSB aspa1 aBrighenti, Agenoreautor10aNueva evangelización y conversión pastoral b: un abordaje desde la Iglesia en América Latina y el Caribec/ Agenor Brighenti aVolumen 63. Número 176 (2013), páginas 331-366c: 24 cm.1 aLa necesidad de una “nueva evangelización” es un imperativo ante el desafío de mantener siempre viva y actual la novedad del Evangelio. Para remitirse al origen de la expresión, por lo general se hace referencia a un discurso pronunciado por Juan Pablo II. Sin embargo, “nueva evangelización” es un concepto que ya había aparecido en la Conferencia de Medellín, para expresar la exigencia de llevar adelante la renovación del Concilio Vaticano II. No obstante, la traducción más fiel de la exigencia evangélica de una nueva evangelización es la expresión “conversión pastoral”, formulada por la Conferencia de Santo Domingo y retomada en la Conferencia de Aparecida. 10aEvangelización aCristiandad aModernidad aVaticano II aAparecida0 tTheologica Xaveriana049424gVolumen 63. Número 176 (2013), páginas 331-366qPágina 3310 tTheologica Xaveriana049424gVolumen 63. Número 176 (2013), páginas 331-366qPágina 331oR14380